Giáo trình xử lý ảnh Photoshop CS5 dành cho người tự học
Tài liệu có nội dung hướng dẫn bạn đọc sử dụng Pen Tool - một công cụ quen thuộc trong Photoshop, cách tạo và sử dụng cọ Brush, tô và hiệu chỉnh màu, cách hiệu chỉnh ảnh đơn giản, tạo Action...
Đã lưu trong:
| Tác giả chính: | |
|---|---|
| Định dạng: | Sách |
| Ngôn ngữ: | Undetermined |
| Được phát hành: |
Hà Nội
Hồng Đức
2010
|
| Những chủ đề: | |
| Các nhãn: |
Thêm thẻ
Không có thẻ, Là người đầu tiên thẻ bản ghi này!
|
| Thư viện lưu trữ: | Trung tâm Học liệu Trường Đại học Cần Thơ |
|---|
| LEADER | 00930nam a2200205Ia 4500 | ||
|---|---|---|---|
| 001 | CTU_174190 | ||
| 008 | 210402s9999 xx 000 0 und d | ||
| 020 | |c 64000 | ||
| 082 | |a 006.686 | ||
| 082 | |b Th502/T.3 | ||
| 100 | |a Đỗ, Lê Thuận | ||
| 245 | 0 | |a Giáo trình xử lý ảnh Photoshop CS5 dành cho người tự học | |
| 245 | 0 | |c Đỗ Lê Thuận, Võ Duy Thanh Tâm, Phạm Quang Huy | |
| 260 | |a Hà Nội | ||
| 260 | |b Hồng Đức | ||
| 260 | |c 2010 | ||
| 520 | |a Tài liệu có nội dung hướng dẫn bạn đọc sử dụng Pen Tool - một công cụ quen thuộc trong Photoshop, cách tạo và sử dụng cọ Brush, tô và hiệu chỉnh màu, cách hiệu chỉnh ảnh đơn giản, tạo Action... | ||
| 650 | |a Image processing,Xử lý ảnh | ||
| 904 | |i Hải | ||
| 980 | |a Trung tâm Học liệu Trường Đại học Cần Thơ | ||